| 000 | 00862nam a2200181 a 4500 | ||
|---|---|---|---|
| 008 | 120416s1968 ||||||||||||||||| || u | ||
| 020 | _a0153608102 | ||
| 050 | _aQH 47 Bio | ||
| 245 | 0 | 0 | _aBiological science: an inquiry into life |
| 250 | _a2nd ed | ||
| 260 |
_aNew York _bHarcourt, Brace & World _c1968 |
||
| 300 | _axvii, 238p. : ill | ||
| 350 | _a0.00 | ||
| 650 | 0 | _aBIOLOGY | |
| 995 |
_aMAIN LIBRARY OPEN ACCESS _D0.00 _e715849 _FCBU-MAIN LIBRARY (Kitwe) _H1 _I1.50 _jQH 47 Bio _M1 _UAVAILABLE _y021980 _ZMain Library Open Access Collection |
||
| 995 |
_aTEXTBOOKS (CHEM.ENG.) _D0.00 _e3674 _FCBU-SCHOOL TEXTBOOK COLLECTIONS _H1 _I0.00 _jSCHOOL TEXTBOOK _M2 _UAVAILABLE _WSep 2, 2009 _y3674 _ZSchool Collections |
||
| 995 |
_aTEXTBOOKS (CHEM.ENG.) _D0.00 _e3675 _FCBU-SCHOOL TEXTBOOK COLLECTIONS _H1 _I0.00 _jSCHOOL TEXTBOOK _M3 _UAVAILABLE _WSep 2, 2009 _y3675 _ZSchool Collections |
||
| 999 |
_c81118 _d81118 |
||